Több ezren voltak kíváncsiak arra, hogy milyen az élet a Szegedi Tudományegyetemen
Elmentve itt :
| Szerző: | |
|---|---|
| További közreműködők: | |
| Dokumentumtípus: | Cikk |
| Megjelent: |
2022-11-24
|
| Sorozat: | Szegeder.hu
|
| Kulcsszavak: | Rendezvény - SZTE Nyílt Nap, Együttműködés - középiskolák, Végzős középiskolai diákok, Pályaválasztás, Pályaorientáció, Továbbtanulás, Egyetemi felvételi - 2023, SZTE József Attila Tanulmányi és Információs Központ - TIK, Gellén Klára - oktatási rektorhelyettes, Fendler Judit - SZTE kancellár |
| Online Access: | http://univ.bibl.u-szeged.hu/64446 |
| LEADER | 01080nab a2200181 i 4500 | ||
|---|---|---|---|
| 001 | univ64446 | ||
| 005 | 20221125111149.0 | ||
| 008 | 221125s2022 hu o 0|| hun d | ||
| 040 | |a SZTE UnivHistória Repozitórium |b hun | ||
| 041 | |a hun | ||
| 100 | 1 | |a Legény Dániel | |
| 245 | 1 | 0 | |a Több ezren voltak kíváncsiak arra, hogy milyen az élet a Szegedi Tudományegyetemen |h [elektronikus dokumentum] / |c Legény Dániel |
| 260 | |c 2022-11-24 | ||
| 490 | 0 | |a Szegeder.hu | |
| 561 | |a Egyetemi hirarchívum | ||
| 695 | |a Rendezvény - SZTE Nyílt Nap, Együttműködés - középiskolák, Végzős középiskolai diákok, Pályaválasztás, Pályaorientáció, Továbbtanulás, Egyetemi felvételi - 2023, SZTE József Attila Tanulmányi és Információs Központ - TIK, Gellén Klára - oktatási rektorhelyettes, Fendler Judit - SZTE kancellár | ||
| 700 | 0 | 1 | |a Szűcs Dániel |
| 856 | 4 | 0 | |u http://univ.bibl.u-szeged.hu/64446/1/T%C3%B6bb%20ezren%20voltak%20k%C3%ADv%C3%A1ncsiak%20arra%2C%20hogy%20milyen%20az%20%C3%A9let%20a%20Szegedi%20Tudom%C3%A1nyegyetemen%20_%20Szegeder.pdf |z Dokumentum-elérés |